Catálogo de la Biblioteca Horacio González - Universidad Nacional de General Sarmiento

Esperando a Godot : (Registro nro. 54300)

Detalles MARC
000 -CABECERA
campo de control de longitud fija 01319ngm a22002770a 4500
001 - NÚMERO DE CONTROL
campo de control PT16377
003 - IDENTIFICADOR DEL NÚMERO DE CONTROL
campo de control AR-LpoUNG
005 - FECHA Y HORA DE LA ÚLTIMA TRANSACCIÓN
campo de control 20210202000204.0
007 - CAMPO FIJO DE DESCRIPCIÓN FÍSICA--INFORMACIÓN GENERAL
campo de control de longitud fija vd cvaizq
008 - DATOS DE LONGITUD FIJA--INFORMACIÓN GENERAL
campo de control de longitud fija 191001ss. f||||ag |||||||||||||||||spa d
037 ## - FUENTE DE ADQUISICIÓN
Condiciones de disponibilidad $13.33
040 ## - FUENTE DE LA CATALOGACIÓN
Centro catalogador/agencia de origen AR-LpoUNG
Lengua de catalogación spa
Centro/agencia transcriptor AR-LpoUNG
Normas de descripción aacr
044 ## - CÓDIGO DEL PAÍS DE LA ENTIDAD EDITORA/PRODUCTORA
Código MARC del país ag
082 0# - NÚMERO DE LA CLASIFICACIÓN DECIMAL DEWEY
Número de clasificación 142.78 836esp
100 1# - ENTRADA PRINCIPAL--NOMBRE DE PERSONA
Nombre de persona Beckett, Samuel
Término indicativo de función/relación dir.
245 10 - MENCIÓN DE TÍTULO
Título Esperando a Godot :
Resto del título teatro : en 2 actos de Samuel Becket
260 ## - PUBLICACIÓN, DISTRIBUCIÓN, ETC.
Lugar de publicación, distribución, etc. Buenos Aires :
Nombre del editor, distribuidor, etc. Blackman,
Fecha de publicación, distribución, etc. s.f.
300 ## - DESCRIPCIÓN FÍSICA
Extensión VHS (138 min.) : son., col.
505 0# - NOTA DE CONTENIDO CON FORMATO
Nota de contenido con formato Subtítulos en castellano
520 ## - SUMARIO, ETC.
Sumario, etc. Samuel Becket, el director de estas obras fue galardonado con el premio Nobel de literatura en el año 1969. En ellas, nos muestra al hombre perdido en un mundo abandonado por Dios y por la razón. Sus claves son, la ausencia, la soledad, la nada, y lo único que espera el hombre de la vida, como cosa cierta, es la muerte. En sus piezas teatrales, no existen ni la intriga ni la acción, solamente las expreciones faciales, y gestos inútiles sin significado. Se sugiere con un lenguaje no verbal la angustia y el aburrimiento de la existencia cotidiana.
651 #4 - PUNTO DE ACCESO ADICIONAL DE MATERIA--NOMBRE GEOGRÁFICO
Nombre geográfico DOCUMENTOS TEORICOS O METODOLOGICOS
653 ## - TÉRMINO DE INDIZACIÓN--NO CONTROLADO
Término no controlado VIDEOS
710 2# - PUNTO DE ACCESO ADICIONAL--NOMBRE DE ENTIDAD CORPORATIVA
Nombre de entidad corporativa o nombre de jurisdicción como elemento de entrada San Quentín Drama Workshop (California)
905 ## - ELEMENTOS DE DATOS E LOCAL, LDE (RLIN)
a 16377
942 ## - ELEMENTOS DE PUNTO DE ACCESO ADICIONAL (KOHA)
Tipo de ítem Koha Video
Existencias
Estado de retiro Estado de pérdida Fuente del sistema de clasificación o colocación Estado dañado No para préstamo Código de colección Localización permanente Ubicación/localización actual Fecha de adquisición Total de préstamos Signatura topográfica completa Código de barras Fecha visto por última vez Precio válido a partir de Tipo de ítem Koha
    Dewey Decimal Classification     Colección Cine Biblioteca Universidad Nacional de General Sarmiento Biblioteca Universidad Nacional de General Sarmiento 02/02/2021   142.78 836esp 00018174 02/02/2021 02/02/2021 Video